00518nam a22001577a 450000500170000001000150001702000300003203500140006203700130007608200120008910000150010124500760011626000600019227000850025230000230033720220525110534.0 aENG-132801 a978-93-530-6612-3c502.00 aEN-116333 bDBAD/PUB a005.133 aGoel Anita aComputer Fundamentals and Programming in C/cAnita Goel and Ajay Mittal aNoidabPearson India Education Services PVt. Ltd.c2019 bNoidaa15th Floor, Tower-B, World Trade Tower, Plot No.1, Block-C,Sec.16e201301 axx, v.pc23cm(pbk)